<?xml version="1.0" encoding="UTF-8"?>
<record
    xmlns:xsi="http://www.w3.org/2001/XMLSchema-instance"
    xsi:schemaLocation="http://www.loc.gov/MARC21/slim http://www.loc.gov/standards/marcxml/schema/MARC21slim.xsd"
    xmlns="http://www.loc.gov/MARC21/slim">

  <leader>00652nam a22002177a 4500</leader>
  <controlfield tag="003">OSt</controlfield>
  <controlfield tag="005">20150728224421.0</controlfield>
  <controlfield tag="008">150728s2014    enka   g      001 0 eng d</controlfield>
  <datafield tag="020" ind1=" " ind2=" ">
    <subfield code="a">9781292020761</subfield>
  </datafield>
  <datafield tag="040" ind1=" " ind2=" ">
    <subfield code="a">Ma-un</subfield>
    <subfield code="b">ara</subfield>
  </datafield>
  <datafield tag="082" ind1="0" ind2="4">
    <subfield code="2">23</subfield>
    <subfield code="a">530</subfield>
    <subfield code="b">G D P</subfield>
  </datafield>
  <datafield tag="100" ind1="1" ind2=" ">
    <subfield code="a">Giancoli, Douglas C.</subfield>
    <subfield code="9">49596</subfield>
  </datafield>
  <datafield tag="245" ind1="1" ind2="0">
    <subfield code="a">Physics for scientists &amp; engineers with modern physics /</subfield>
    <subfield code="c">Douglas C. Giancoli.</subfield>
  </datafield>
  <datafield tag="250" ind1=" " ind2=" ">
    <subfield code="a">4th ed, international edition.</subfield>
  </datafield>
  <datafield tag="260" ind1=" " ind2=" ">
    <subfield code="a">Harlow, Essex :</subfield>
    <subfield code="b">Pearson,</subfield>
    <subfield code="c">2014.</subfield>
  </datafield>
  <datafield tag="300" ind1=" " ind2=" ">
    <subfield code="a">vi, 1426 p. :</subfield>
    <subfield code="b">ill. ;</subfield>
    <subfield code="c">28 cm.</subfield>
  </datafield>
  <datafield tag="490" ind1="0" ind2=" ">
    <subfield code="a">Pearson custom library</subfield>
  </datafield>
  <datafield tag="500" ind1=" " ind2=" ">
    <subfield code="a"> Includes index.</subfield>
  </datafield>
  <datafield tag="650" ind1=" " ind2="4">
    <subfield code="a">Physics</subfield>
    <subfield code="9">49597</subfield>
  </datafield>
  <datafield tag="942" ind1=" " ind2=" ">
    <subfield code="2">ddc</subfield>
    <subfield code="c">BOOK</subfield>
  </datafield>
  <datafield tag="999" ind1=" " ind2=" ">
    <subfield code="c">37740</subfield>
    <subfield code="d">272240</subfield>
  </datafield>
  <datafield tag="952" ind1=" " ind2=" ">
    <subfield code="1">0</subfield>
    <subfield code="2">2015-07-28</subfield>
    <subfield code="4">0</subfield>
    <subfield code="7">1</subfield>
    <subfield code="a">530 G D P</subfield>
    <subfield code="b">CL</subfield>
    <subfield code="c">1</subfield>
    <subfield code="d">2015-07-28</subfield>
    <subfield code="h">CL</subfield>
    <subfield code="i">00215794</subfield>
    <subfield code="m">CL</subfield>
    <subfield code="r">2015-07-28 00:00:00</subfield>
    <subfield code="t">BOOK</subfield>
    <subfield code="w">ddc</subfield>
    <subfield code="y">0</subfield>
  </datafield>
  <datafield tag="952" ind1=" " ind2=" ">
    <subfield code="1">0</subfield>
    <subfield code="2">2015-07-28</subfield>
    <subfield code="4">0</subfield>
    <subfield code="7">0</subfield>
    <subfield code="a">530 G D P</subfield>
    <subfield code="b">CL</subfield>
    <subfield code="c">2</subfield>
    <subfield code="d">2015-07-28</subfield>
    <subfield code="h">CL</subfield>
    <subfield code="i">00215793</subfield>
    <subfield code="m">CL</subfield>
    <subfield code="r">2015-07-28 00:00:00</subfield>
    <subfield code="t">BOOK</subfield>
    <subfield code="w">ddc</subfield>
    <subfield code="y">0</subfield>
  </datafield>
  <datafield tag="952" ind1=" " ind2=" ">
    <subfield code="1">0</subfield>
    <subfield code="2">2015-07-28</subfield>
    <subfield code="4">0</subfield>
    <subfield code="7">0</subfield>
    <subfield code="a">530 G D P</subfield>
    <subfield code="b">CL</subfield>
    <subfield code="c">3</subfield>
    <subfield code="d">2015-07-28</subfield>
    <subfield code="h">CL</subfield>
    <subfield code="i">00215792</subfield>
    <subfield code="m">CL</subfield>
    <subfield code="r">2015-07-28 00:00:00</subfield>
    <subfield code="t">BOOK</subfield>
    <subfield code="w">ddc</subfield>
    <subfield code="y">0</subfield>
  </datafield>
  <datafield tag="952" ind1=" " ind2=" ">
    <subfield code="1">0</subfield>
    <subfield code="2">2015-07-28</subfield>
    <subfield code="4">0</subfield>
    <subfield code="7">1</subfield>
    <subfield code="a">530 G D P</subfield>
    <subfield code="b">CL</subfield>
    <subfield code="c">1</subfield>
    <subfield code="d">2015-07-28</subfield>
    <subfield code="h">CL</subfield>
    <subfield code="i">00215789</subfield>
    <subfield code="m">SZM</subfield>
    <subfield code="r">2015-07-28 00:00:00</subfield>
    <subfield code="t">BOOK</subfield>
    <subfield code="w">ddc</subfield>
    <subfield code="y">0</subfield>
  </datafield>
  <datafield tag="952" ind1=" " ind2=" ">
    <subfield code="1">0</subfield>
    <subfield code="2">2015-07-28</subfield>
    <subfield code="4">0</subfield>
    <subfield code="7">0</subfield>
    <subfield code="a">530 G D P</subfield>
    <subfield code="b">CL</subfield>
    <subfield code="c">2</subfield>
    <subfield code="d">2015-07-28</subfield>
    <subfield code="h">CL</subfield>
    <subfield code="i">00215790</subfield>
    <subfield code="m">SZM</subfield>
    <subfield code="r">2015-07-28 00:00:00</subfield>
    <subfield code="t">BOOK</subfield>
    <subfield code="w">ddc</subfield>
    <subfield code="y">0</subfield>
  </datafield>
  <datafield tag="952" ind1=" " ind2=" ">
    <subfield code="1">0</subfield>
    <subfield code="2">2022-02-14</subfield>
    <subfield code="4">0</subfield>
    <subfield code="7">0</subfield>
    <subfield code="a">530 G D P</subfield>
    <subfield code="b">SRM</subfield>
    <subfield code="d">2022-02-14</subfield>
    <subfield code="h">CL</subfield>
    <subfield code="i">00168618</subfield>
    <subfield code="m">SRM</subfield>
    <subfield code="r">2022-02-14 00:00:00</subfield>
    <subfield code="t">BOOK</subfield>
    <subfield code="w">ddc</subfield>
    <subfield code="y">0</subfield>
  </datafield>
  <datafield tag="952" ind1=" " ind2=" ">
    <subfield code="1">0</subfield>
    <subfield code="2">2022-02-14</subfield>
    <subfield code="4">0</subfield>
    <subfield code="7">0</subfield>
    <subfield code="a">530 G D P</subfield>
    <subfield code="b">SRF</subfield>
    <subfield code="d">2022-02-14</subfield>
    <subfield code="h">CL</subfield>
    <subfield code="i">00168619</subfield>
    <subfield code="m">SRF</subfield>
    <subfield code="r">2022-02-14 00:00:00</subfield>
    <subfield code="t">BOOK</subfield>
    <subfield code="w">ddc</subfield>
    <subfield code="y">0</subfield>
  </datafield>
  <datafield tag="952" ind1=" " ind2=" ">
    <subfield code="1">0</subfield>
    <subfield code="2">2022-02-14</subfield>
    <subfield code="4">0</subfield>
    <subfield code="7">0</subfield>
    <subfield code="a">530 G D P</subfield>
    <subfield code="b">SHM</subfield>
    <subfield code="d">2022-02-14</subfield>
    <subfield code="h">IC</subfield>
    <subfield code="i">00168620</subfield>
    <subfield code="m">IC</subfield>
    <subfield code="r">2022-02-14 00:00:00</subfield>
    <subfield code="t">BOOK</subfield>
    <subfield code="w">ddc</subfield>
    <subfield code="y">0</subfield>
  </datafield>
</record>
